| 000 | 01572cam a2200397 a 4500 | ||
|---|---|---|---|
| 999 |
_c18539 _d18539 |
||
| 001 | 3479260 | ||
| 003 | BDDh-ASL | ||
| 005 | 20231015025719.0 | ||
| 008 | 930908s1993 enkb b 001 0 eng d | ||
| 010 | _a 93201846 | ||
| 020 |
_a0700702105 : _c£13.50 ($25.00) |
||
| 035 | _a(OCoLC)27787091 | ||
| 040 |
_aWU _cWU _dBDDh-ASL _dDLC |
||
| 042 | _alccopycat | ||
| 043 | _aa-ii--- | ||
| 050 | 0 | 0 |
_aBP172 _b.P68 1993 |
| 082 | 0 | 0 |
_a954 _220 _bPOM |
| 100 | 1 |
_aPowell, Avril A. _q(Avril Ann) |
|
| 245 | 1 | 0 |
_aMuslims and missionaries in pre-mutiny India / _cby Avril A. Powell. |
| 260 |
_aRichmond, Surrey : _bCurzon Press, _cc1993. |
||
| 300 |
_aix, 339 p. : _bmap ; _c22 cm. |
||
| 440 | 0 |
_aLondon studies on South Asia ; _vno. 7 |
|
| 500 | _aSpine title: Muslims & missionaries in pre-mutiny India. | ||
| 504 | _aIncludes bibliographical references (p. 302-318) and index. | ||
| 650 | 0 |
_aIslam _xRelations _xChristianity. |
|
| 650 | 0 |
_aChristianity and other religions _xIslam. |
|
| 650 | 0 |
_aMissionaries _zIndia _xHistory. |
|
| 650 | 0 |
_aIslam _zIndia _xHistory _y19th century. |
|
| 651 | 0 |
_aIndia _xChurch history _y19th century. |
|
| 653 | 0 |
_aChristianity _aRelated to _aIslam _aHistory |
|
| 740 | 0 | _aMuslims & missionaries in pre-mutiny India. | |
| 856 | 4 | 2 |
_3Publisher description _uhttp://www.loc.gov/catdir/enhancements/fy0916/93201846-d.html |
| 906 |
_a7 _bcbc _ccopycat _d3 _encip _f19 _gy-gencatlg |
||
| 942 |
_2ddc _cBK |
||